000 01136nam a22003374i 4500
999 _c64837
_d64837
001 sky203521858
003 SKY
005 20190222161835.0
008 920206t19921992cau b 001 0 eng
010 _a92052653
020 _a9780060698645 (alk. paper)
020 _a0060698640 (alk. paper)
040 _aDLC
_cCO-MdFUSB
_dDLC
_dSKYRV
_dUtOrBLW
_bspa
_erda
041 _aeng
082 _223
_a242.2
_bB928
100 1 _aBuechner, Frederick,
_d1926-
_eautor
242 1 0 _aEscuchando tu vida
_b: Meditaciones diarias con Frederick Buechne
_lInlgés
245 1 0 _aListening to your life
_b: daily meditations with Frederick Buechner
_c/ Frederick Buechner, compilador George Connor.
264 1 _aNew York,
_bHarperCollins Publishers,
_c℗[1992]
264 4 _c©1992.
300 _axiv, 358 páginas
_c: 19 cm.
336 _atexto
_btxt
_2rdacontent.
337 _asin mediación
_bn
_2rdamedia.
338 _avolumen
_bnc
_2rdacarrier.
563 _aTapa rústica
650 0 _aVida espiritual
_951
700 1 _aConnor, George.
_eCompilador
942 _cBK